О применении модели Коссера для описания пластического днформирования на мезоуровне; Физическая мезомеханика; Т. 8, № 3

Bibliografske podrobnosti
Parent link:Физическая мезомеханика/ Институт физики прочности и материаловедения ; Российская академия наук (РАН), Сибирское отделение (СО), Институт физики прочности и материаловедения (ИФПМ).— , 1998-.— 1683-805X
Т. 8, № 3.— 2005.— с. 49-62
Glavni avtor: Смолин И. Ю.
Jezik:ruščina
Izdano: 2005
Teme:
Format: MixedMaterials Book Chapter
KOHA link:https://koha.lib.tpu.ru/cgi-bin/koha/opac-detail.pl?biblionumber=449830

MARC

LEADER 00000naa2a2200000 4500
001 449830
005 20231101083231.0
035 |a (RuTPU)RU\TPU\prd\111941 
035 |a RU\TPU\prd\38255 
090 |a 449830 
100 |a 20110608a2005 k y0rusy50 ca 
101 0 |a rus 
102 |a RU 
200 1 |a О применении модели Коссера для описания пластического днформирования на мезоуровне  |f И. Ю. Смолин 
320 |a Библиогр.: 70 назв. 
461 0 |0 (RuTPU)RU\TPU\prd\353  |x 1683-805X  |t Физическая мезомеханика  |f Институт физики прочности и материаловедения ; Российская академия наук (РАН), Сибирское отделение (СО), Институт физики прочности и материаловедения (ИФПМ)  |d 1998- 
463 0 |0 (RuTPU)RU\TPU\prd\111937  |t Т. 8, № 3  |v с. 49-62  |d 2005 
610 1 |a модель Коссера 
610 1 |a применение 
610 1 |a мезоуровни 
610 1 |a пластическое деформирование 
610 1 |a континуальные модели 
610 1 |a численное моделирование 
610 1 |a микрополярные модели 
610 1 |a металлические материалы 
700 1 |a Смолин  |b И. Ю. 
801 1 |a RU  |b 63413507  |c 20050920  |g PSBO 
801 2 |a RU  |b 63413507  |c 20110608  |g RCR 
942 |c BK